[Event "corr WCH-XVI Semifinale"]
[Site "?"]
[Date "1987.??.??"]
[Round "?.7"]
[White "Hjertenes, Oystein"]
[Black "Herbrechtsmeier, Christof"]
[Result "0-1"]
[WhiteElo "2400"]
[BlackElo "2470"]
[Annotator "Rochade"]
[PlyCount "88"]
[EventDate "1986.??.??"]

1. e4 e5 2. Nf3 Nc6 3. Bc4 Nf6 4. d4 exd4 5. O-O Bc5 {Diese Variante wurde von
Dr. Max Lange in der Deutschen Schachzeitung, Jg. 1854, veroffentlicht} (5...
Nxe4 {ist sicherer}) 6. e5 (6. c3 $5 Nxe4 7. cxd4 d5 $1 {ist gut fur Schwarz})
6... d5 ({Keinen Ausgleich erreicht Schwarz mit} 6... Ng4 7. Bf4 $1 d6 8. exd6
Bxd6 9. Re1+) (6... Ne4 $2 {ist schlecht wegen} 7. Re1) 7. exf6 (7. Bb5 Ne4 8.
Nxd4 {ist eine andere Variante}) 7... dxc4 8. Re1+ (8. fxg7 Rg8 9. Bg5 f6 (9...
Be7 $5 10. Bxe7 Kxe7 $1) 10. Re1+ Kf7 11. Ne5+ Nxe5 12. Rxe5 Be7 13. Qh5+ Kxg7
14. Qh6+ Kf7 {mit einem Dauerschach}) 8... Be6 (8... Kf8 $5) 9. Ng5 {
Es droht nun Sxe6 - und nach fxe6 das Schach auf h5} (9. fxg7 Rg8 10. Bg5 Be7
11. Bxe7 Qxe7 (11... Kxe7 $1) 12. Nxd4 O-O-O 13. Nxc6 bxc6 14. Qf3 {ist unklar}
) 9... Qd5 (9... g6 10. Qf3 $1 {Estrin}) 10. Nc3 (10. fxg7 Rg8 11. Nxh7 $2 Qf5
12. Ng5 d3) 10... Qf5 11. Nce4 {
Eine kritische Stellung des Max-Lange-Angriffs. Es droht g2-g4.} (11. g4 $6 Qg6
12. Nxe6 (12. Nce4 Bb6 13. f4 O-O-O $1 14. f5 Bxf5 15. gxf5 Qxf5 $40 {
Blackburne-Teichmann/Nurnberg/1896}) 12... fxe6 13. Rxe6+ Kd7 (13... Kf7 $5 {
Estrin} 14. Nd5 Bd6) 14. f4 Qxc2 $1 {Heyken}) 11... O-O-O {
Die Korrektheit dieser (besten) Fortsetzung wurde lange bezweifelt} (11... Bf8
{Rubinstein} 12. Nxf7 $1 Kxf7 13. Ng5+ Kg6 (13... Kg8 14. g4 $1 $16) 14. Nxe6
Re8 (14... gxf6 15. g4 Qa5 16. Bf4) 15. fxg7 Bxg7 16. g4) (11... Bb6 12. fxg7
Rg8 13. g4 $1 Qg6 14. Nxe6 fxe6 15. Bg5 $1 {Abels, 1900} 15... Rxg7 16. Qf3 Kd7
17. Nf6+ Kc8 18. Rxe6 Qxg5 19. h4 $1 Qg6 20. h5 Qg5 21. Rae1 Nd8 22. R6e5 Qh4
23. Re8 c6 24. Qf5+ Kb8 25. h6 $1 {mit Gewinn (Estrin)}) 12. g4 (12. Nxc5 Qxc5
13. Rxe6 fxe6 14. Nxe6 Qf5 15. Nxd8 Rxd8 16. fxg7 Rg8 17. Bh6 Qg6 18. Qd2 Ne5 {
Brunold,T-Flear,C/Brocco op/1990/0-1(42)}) 12... Qe5 $1 (12... Qxg4+ $2 13.
Qxg4 Bxg4 14. Nxf7) (12... Qd5 $2 13. fxg7 Rhg8 14. Nf6 Qd6 15. Nge4 Qe5 16. f4
d3+ 17. Kg2 Qd4 18. c3 $18 {Tschigorin-Albin/Berlin/1897}) 13. Nxe6 (13. Nf3
Qd5 14. fxg7 Bxg4 $5 {Leonhardt} (14... Rhg8 15. Nf6 Qd6) 15. gxh8=Q (15. Nf6
Qxf3) 15... Rxh8 16. h3 (16. Bf4 Rg8 17. Bg3 Ne5 18. Nxe5 Bxd1 19. Nf6 Rxg3+
20. hxg3 Qe6 21. Nd3 Qxf6 22. Nxc5 Qc6 23. Raxd1 Qxc5 24. Re8+ Kd7 25. Re4 d3
26. b3 $1 {Honfi}) 16... Bh5 17. Nf6 Qxf3 18. Nxh5 Rg8+ (18... Qxh3 19. Ng3 h5
20. Qf3) 19. Ng3 Rxg3+ 20. fxg3 Qxg3+ 21. Kf1 Qxh3+ 22. Kf2 d3+ 23. Be3 Be7 (
23... Ne5 24. Bxc5 Ng4+) 24. Bf4 Bh4+ 25. Kg1 Nd4 26. Re8+ Kd7 27. Re3 Qf5)
13... fxe6 14. fxg7 (14. Bg5 $2 Bb6 (14... g6 15. f7 Be7 16. f4 Qg7 17. Bxe7
Nxe7 18. Ng5 d3 19. Nxe6 Qxf7 20. Nxd8 Rxd8 21. Re4 Qd5 22. cxd3 cxd3 23. Qa4
Qc5+ 24. Kg2 Nd5 25. Rae1 $2 d2 {
mit Vorteil in der Fernpartie Herbrechtsmeier-Sprunk/1971}) (14... Rdg8 $5) 15.
fxg7 Qxg7 16. Bxd8 Rxd8 {
ist besser fur Schwarz wegen der geschwachten weissen Konigstellung}) 14...
Rhg8 15. Bh6 {Der einzige Trumpf von Weis ist dieser vorgeruckte Freibauer}
15... d3 16. c3 d2 (16... Bd6 17. f4 Qd5 18. Qf3 Be7 19. g5 Qf5 20. Ng3 Qf7 21.
Qg4 {1-0 Marshall,F-Tarrasch,S/Hamburg 1910/HCL (29)}) (16... Be7 $5 17. Qf3 (
17. f4 Qd5 18. Qd2 {Heyken}) 17... Qd5 18. Qf7 (18. Rad1 b5 19. g5 Ne5 20. Qf4
Rd7 21. Re3 {1-0 Marshall,F-Capablanca,J/New York 1910/Capablanca (38)}) (18.
Qf4 Ne5 19. Nd2 Bd6 20. Re4 {
1-0 Marshall,F-Capablanca,J/New York 1910/Capablanca (53)}) 18... Rde8 (18...
Bh4) 19. Re3 Ne5 20. Qf4 Ng6 21. Qf7 Ne5 22. Qf4 Ng6 23. Qf7 Ne5 24. Qf4 Ng6 {
1/2-1/2 Marshall,F-Capablanca,J/New York 1910/Capablanca (24)}) 17. Re2 (17.
Nxd2 $2 Bxf2+) 17... Rd3 {Gilt als Grundstellung fur die Theoretiker} (17...
Bb6 $6 18. Qf1 ({Besser ist} 18. Kg2 Rd3 19. f3) 18... Rd3 19. Rd1 Nd8 20. g5
Nf7 21. Qg2 $2 (21. Nf6 Qf5 22. Nxg8 Qg4+ $11) 21... Nxh6 22. gxh6 Qh5 23.
Rexd2 Rxd2 (23... Qxd1+ $4 24. Rxd1 Rxd1+ 25. Qf1 Rxf1+ 26. Kxf1 $18) 24. Rxd2
Qxh6 25. Re2 Rxg7 26. Ng3 $17 {
1/2-1/2 Marshall,F-Leonhardt,P/Hamburg 1911/HCL (32)}) 18. Nxc5 (18. Kg2 Qd5 $1
(18... Nd8 19. f3 Nf7 20. Bxd2 Rxg7 21. Nf2 $2 Qd5 22. Nxd3 $4 Rxg4+ {
0-1/Vatter,H-Joachim,S/Waldbronn 4LK/1992}) 19. f3 Ne5 20. Rxd2 Nxg4 $5 (20...
Be7) 21. Nxc5 Qxc5 (21... Rxd2+ 22. Qxd2 Rxg7 23. Qxd5 Nxh6+ 24. Kf2 exd5 25.
Re1 Rg8 26. Re7) 22. fxg4 Qd5+ 23. Kg1 Qc5+ 24. Kf1 Qc6 25. Rxd3 Qh1+ 26. Kf2
Qxh2+ 27. Kf3 cxd3 28. Qd2 Qh3+ 29. Ke4 Qxg4+ 30. Qf4 Qe2+ 31. Qe3 Qg4+ 32.
Kxd3 Rd8+ 33. Kc2 Qf5+ $11) (18. Qf1 Qd5 19. Rd1 (19. Nxd2 Ne5) 19... Ne5 20.
Nf6 (20. Qg2 Nf3+ 21. Kf1 Be7 $17 22. g5 Qf5 23. h3 Ne1 $1) 20... Qf3 (20...
Nf3+ 21. Kh1) 21. Nxg8 Qxg4+ 22. Kh1 Qf3+ $11) 18... Qxc5 19. Rxd2 Ne5 (19...
Rh3 $5 20. g5 Qf5 {Palkovi}) 20. Rxd3 cxd3 21. Kg2 (21. Bf4 Rxg7 22. Bxe5 (22.
h3 $2 Ng6 23. Qa4 Rg8 24. Be3 Qd5 {0-1 Lunn,S-Hynes,K/Dublin 1991/TD (29)})
22... Qxe5 23. Qxd3 Rxg4+ $15) 21... Qd5+ 22. Kg3 Qd6 $5 (22... Nf7 23. Qd2 (
23. Be3 Rxg7 24. Qa4 Nd6 {0-1 Nystrom,L-Kilpi,T/Helsinki 1990/EXT 2000 (32)})
23... Qd6+ $1 (23... Nxh6 $6 24. Qxh6 Qe5+ 25. f4 $1 {N} (25. Qf4 Qxg7 26. Rd1
{(Keres)}) 25... Qe3+ (25... Qxg7 26. Qxe6+ Kb8 27. Rd1 Rd8 28. Rd2) 26. Kh4
Rd8 (26... Qf2+ 27. Kh5 $1) 27. Qf6 Qf2+ 28. Kg5 Rd5+ 29. f5 Qe3+ 30. Kh4 Qf2+
31. Kh5 {1-0/Vatter-Berry/BL8081}) (23... Qe4 24. Qe3 Qg6 25. Bf4 Rxg7 {
1/2-1/2 Radulov,I-Sokolov,V/Belgrade 1961/EXT 99 (62)}) 24. Kg2 e5 25. g5 Qg6
$11 26. Kh1 Qe4+ 27. Kg1 Qg4+) (22... d2 23. Qe2 Nf7 24. Qxd2 Nxh6 25. Qxh6
Qe5+ 26. Qf4 Qxg7 27. Re1 h5 28. h3 hxg4 29. hxg4 Qg6 30. Qe4 Qxe4 31. Rxe4 Kd7
32. f4 Ke7 33. f5 {1-0 Soudre,N-Moisan Plante,M/Shawinigan 2001/EXT 2002 (33)})
23. f4 $5 $146 (23. Kg2 Nf7 (23... Qd5+ 24. Kg3 Nf7 25. Qd2 Nd6 {25...e5!?})
24. Qd2) (23. Bf4 Rxg7 24. h3 Rf7 $6 (24... Qd5 25. Qh1) (24... Rd7) 25. Qa4 $1
Qc6 26. Qxc6 Nxc6 $14 {Vatter-Nunn/BL8586} 27. f3 $16 {Heyken}) 23... Nf7 24.
g5 d2 (24... e5 25. Qg4+ Kb8 26. fxe5 Qxe5+ 27. Qf4) (24... Qd5 $142) 25. Qc2
$1 (25. Qf3 $6 e5 26. fxe5 Qxe5+ 27. Qf4 Qe1+ 28. Kh3 Rd8 29. Qxf7 Rd3+ $19) (
25. Qg4 Qd3+ 26. Kf2 (26. Qf3 Qg6) (26. Kh4 Qe4) 26... Qg6 27. Qh3 Nd6 28. Rd1
Rd8 $40) 25... Nxg5 (25... Rd8 26. Rd1 Qb6 27. Qe4 $18) 26. Bxg5 $6 (26. Rd1
$142 Qc5 (26... Nf7 $6 27. Rxd2 (27. Qxh7 Nxh6 28. Qxh6 Qd7 29. Kf3 $14) 27...
Qe7 28. Qxh7 Nxh6 29. Qxh6 Rxg7+ 30. Kf3 $14) 27. Bxg5 (27. fxg5 Qe3+ $11)
27... Qe3+ $11) 26... Rxg7 27. Kf3 (27. Kf2 h6 (27... Qc5+ 28. Ke2 h6 29. Qxd2
hxg5) 28. Bxh6 Qc5+ $11) (27. Kh3 Qd5 28. Qd1 Qd3+ 29. Kh4 h6 30. Bxh6 Qh7) (
27. Kh4 Qd5 $1 (27... h6 28. Bxh6 Rg2 29. Bg5 Qd5 30. h3 Qf3 31. Qa4 Qg3+ 32.
Kh5 Qxh3+ 33. Kg6 Qf5+ 34. Kg7 c6 35. Qd4) 28. Qa4 (28. Qd1 Qg2 29. Qg1 Qxg1
30. Rxg1 h6 $13) 28... b5 29. Qxa7 h6 30. Bf6 Rg2 31. h3 Qf3 32. Qa6+ $11)
27... h6 28. Rd1 $2 (28. Bxh6 $2 Qd5+ $19) (28. Bf6 $8 Rf7 (28... Qd5+ $2 29.
Ke3 Rg2 30. Qd3) 29. Qa4 $11) 28... hxg5 29. Qxd2 Qc6+ (29... Qf8 30. Qd4 $1)
30. Kf2 b6 $17 31. Qe2 (31. fxg5 Qc5+ 32. Kf3 (32. Qe3 Rf7+ 33. Ke2 Qb5+ 34.
Rd3 Qxb2+ $40 (34... Rf5 $5)) 32... Rxg5 33. Qd7+ Kb7 34. Qxe6 Re5 35. Qh6 Rf5+
$40) (31. Rg1 Rd7 32. Qe3 gxf4 33. Rg8+ Kb7 34. Qxf4 Rd5 35. Kg3 Rd3+ 36. Kf2
Qd5 $19) 31... Kb7 32. Qe5 Rf7 (32... Rh7 33. Kg1 gxf4 34. Rd4) 33. Qxg5 (33.
Rd4 Rf5) 33... Qe4 34. Rd4 Qc2+ 35. Ke3 Qxb2 $19 36. Qg6 Qxc3+ 37. Qd3 Qc1+ 38.
Qd2 Qc5 39. Qg2+ c6 40. Kd3 Rh7 41. h4 (41. a4 Rh3+) 41... Rxh4 42. Qg7+ Ka6
43. Qg5 Qa3+ 44. Ke4 Rh1 0-1

[Event "corr WCH-XVI Semifinale"]
[Site "?"]
[Date "1991.??.??"]
[Round "?.7"]
[White "Herbrechtsmeier, Christof"]
[Black "Vdovin, SA."]
[Result "1/2-1/2"]
[WhiteElo "2470"]
[BlackElo "2495"]
[Annotator "Rochade"]
[PlyCount "128"]
[EventDate "1986.??.??"]

1. e4 c6 2. c4 d5 3. exd5 cxd5 4. cxd5 Nf6 5. Bb5+ Nbd7 6. Nc3 a6 7. Qa4 g6 8.
Nf3 Bg7 9. O-O O-O 10. Bxd7 Bxd7 11. Qh4 h6 12. Re1 Bc8 13. d3 g5 14. Qc4 b5
15. Qc5 Re8 16. a4 Nd7 17. Qc6 Rb8 18. axb5 Bb7 19. Qc4 axb5 20. Qxb5 Nf6 21.
Qa5 Qd6 22. Qa3 Qxa3 23. Rxa3 Nxd5 24. d4 Nb4 25. Re2 Bxf3 26. gxf3 Nc6 27. Be3
Nxd4 28. Bxd4 Bxd4 29. Ra4 e5 30. Kg2 Re6 31. Rc4 Reb6 32. Nd1 Kh7 33. h3 Rb4
34. Rcc2 R8b6 35. Nc3 Rc4 36. Rcd2 Rb3 37. Rd3 f6 38. Rdd2 Kg6 39. Rd3 $2 Rcb4
40. Rdd2 Bxc3 41. bxc3 Rxc3 42. Rc2 Rcb3 43. Rc6 Rf4 44. Rxe5 Rbxf3 (44...
Rfxf3 45. Ree6 h5 46. Rb6 $11) 45. Re2 Rb3 (45... Kh5 46. Rce6 Kh4 47. R6e3 $11
) 46. Ra2 h5 (46... Kh5 47. Rac2 Rff3 (47... Kh4 48. R6c3 $11) 48. Rb2 $1 Rxh3
49. Rxb3 Rxb3 50. Rxf6 $11) 47. Rc7 h4 (47... Rff3 48. Raa7 Rxh3 49. Rg7+ Kf5
50. Ra5+ $11) 48. Rc1 Rff3 (48... g4 49. hxg4 Rxg4+ 50. Kh2 h3 51. Rg1 $11) 49.
Rh1 Rbd3 50. Ra4 f5 51. Ra6+ Kh5 52. Ra8 Rf4 (52... f4 53. Rh8+ Kg6 54. Rg8+
Kf6 55. Ra1) 53. Rg8 $1 (53. Rh8+ Kg6 54. Rg8+ Kf6) 53... Rd2 (53... g4 54.
Rh8+ Kg5 55. Rg8+ Kf6 56. hxg4 $11) (53... Kh6 54. Ra1 g4 55. Rh8+ Kg5 56. Rg8+
Kf6 57. hxg4 $11) 54. Rf1 Kh6 (54... Ra4 55. Kh2 g4 56. hxg4+ Rxg4 57. Rh8+ Kg5
58. Rg8+ Kf4 59. Ra8 $11) (54... g4 55. Rh8+ Kg5 56. Rg8+ Kf6 57. hxg4 Rxg4+
58. Rxg4 fxg4 59. Kg1 Kf5 60. Ra1 $11 Ke4 61. Ra8 Kf3 (61... Rd5 62. Rh8 h3 63.
Ra8 Rd4 64. Rf8 Kd3 65. Kh2 $2 (65. Rf7 Re4 66. Rf8 Re1+ 67. Kh2 Rf1 68. Rf4)
65... Ke2 66. Kg3 Rd3+ 67. Kxg4 Kf1 $1) 62. Rf8+ Ke2 63. Rf4) 55. Kg1 Kh5 (
55... Rf3 56. Kg2 Rdd3 57. Rh1 (57. Ra1) 57... g4 (57... Ra3 $5 58. Rh2 $2 (58.
Rb1 $1 Rxh3 59. Rb6+ Kh5 60. Rbg6 Kg4 61. Rxg5+ Kf4 62. Rh5 $11) 58... g4 59.
hxg4 Kh7 60. Rg5 h3+ 61. Kf1 Rfb3 $19) 58. hxg4 Kh7 59. Rg5 h3+ 60. Kf1 f4 61.
Ke2) (55... Rd6 56. Ra1 Rg6 57. Rh8+ Kg7 58. Raa8) (55... Rd3 56. Kg2 g4 (56...
Rdf3 57. Rg1 $1) 57. hxg4 h3+ (57... Rxg4+ 58. Rxg4 fxg4 59. Ra1 $11) (57...
fxg4 58. Rh8+ Kg5 59. Rg8+ $11) 58. Kh2 (58. Kh1 $5 fxg4 59. Rg1) 58... fxg4
59. Kh1 Rdf3 60. Rg1 Kh5 61. Rh8+) 56. Kg2 g4 57. Rh8+ Kg5 (57... Kg6 $2 58.
Rxh4 Kg5 59. Rh8 $11) 58. Rg8+ (58. hxg4 $6 Rxg4+ $15 (58... Kxg4 59. Rg8+ Kh5
60. Kg1)) 58... Kf6 59. hxg4 Kf7 (59... fxg4 $2 60. Rf8+ $11) (59... Rxg4+ 60.
Rxg4 fxg4 61. Ra1 (61. Kg1 Kf5 62. Ra1) 61... g3 (61... Ke5 62. Ra8 h3+ 63. Kg3
) 62. Rf1 Kg5 63. Kg1 Kg4 64. fxg3 $11) 60. Rg5 $1 (60. Rh8 Rxg4+ 61. Kh3 Rdd4
62. Re1 (62. Rh6 Kg7 63. Rc6 Rg6 64. Rxg6+ Kxg6 65. Rg1+ Kh5) (62. Ra1 Rd3+ 63.
Kh2 Kf6)) 60... fxg4 (60... Rxg4+ 61. Rxg4 fxg4 62. Ra1 $11) 61. Kg1 $11 h3 (
61... Kf6 62. Rh5 $6 (62. Rg8) (62. Rg8) 62... h3 63. f3 Rg2+ (63... Kg6 64.
Rh4 Rg2+) 64. Kh1 Rg3 65. Rh4 Kg5) 62. Re1 (62. Kh1 $5 Kf6 63. Rg8 Kf5 (63...
Rdd4 64. f3 $6) (63... Ke5 64. Rg1 Rdd4 65. Rg5+ Kf6 66. Rg8 Kf5 67. Rf8+ Ke4 (
67... Ke5 $5 68. Re8+ Kd5) 68. Rxg4 $1) 64. Rf8+ Ke4 65. Re1+ Kf3 66. Re3+ Kxf2
67. Rxf4+ Kxe3 68. Rxg4) (62. Ra1 Rdxf2 (62... h2+ 63. Kxh2 Rfxf2+ 64. Kh1 Rh2+
65. Kg1) (62... Kf6 63. Rb5) 63. Rxg4 h2+ 64. Kh1 Rxg4 65. Ra7+ Ke6 (65... Kg6
66. Rg7+ Kh5 67. Rg5+ {'=!'}) (65... Kf8 66. Ra8+ Ke7 67. Re8+) 66. Re7+ Kd5 (
66... Kf6 67. Rf7+) 67. Re5+) (62. f3 $6 Rg2+ 63. Kh1 g3) 62... Rfd4 (62...
Rdd4 63. Rge5 Kf6 64. Re8 $11) (62... Kf6 63. Rg8 Rdxf2 64. Rxg4 h2+ 65. Kh1
Rxg4 66. Re6+ Kg5 67. Rg6+ Kf5 68. Rg5+ $1 $11) (62... h2+ 63. Kxh2 Rfxf2+ 64.
Kg1 Rg2+ 65. Kh1 Rh2+ 66. Kg1 Rdg2+ 67. Kf1 Rg3 68. Rge5 $11) (62... Rdxf2 63.
Rxg4 h2+ 64. Kh1 Rxg4 65. Re7+ Kg6 66. Rg7+ Kh5 67. Rg5+ $1 $11) 63. Rf5+ Kg6 (
63... Kg7 64. Re7+ Kg6 65. Ree5) 64. Ree5 Rd1+ (64... Rd1+ 65. Kh2 Rd6 66. Rg5+
Kf6 67. Ref5+ Ke6 68. Re5+) (64... g3 65. Rg5+ Kf6 66. Rgf5+ (66. Ref5+ $2 Ke6
67. Re5+ Kd6 68. fxg3 Rg2+ 69. Kf1 Rd1+ 70. Re1 Rxe1+ 71. Kxe1 h2)) (64... Rd7
65. Rg5+ Kf6 66. Rgf5+) (64... Rd6 65. Rg5+ Kf6 66. Ref5+ Ke6 67. Re5+) 1/2-1/2

[Event "corr WM XVII, 3/4-final, group 2 "]
[Site "?"]
[Date "1996.12.24"]
[Round "?"]
[White "Herbrechtsmeier, Christof"]
[Black "Pereira, Alvaro"]
[Result "1/2-1/2"]
[WhiteElo "2510"]
[BlackElo "2545"]
[Annotator "Rochade"]
[PlyCount "37"]
[EventDate "1996.??.??"]

1. e4 d5 2. exd5 Nf6 3. d4 Bg4 $5 {Zuerst gespielt von Richter gegen Blumich
(Frankfurt 1923), in den 60er Jahren von dem Fernschachspieler E. Dorner
angwandt und 1987 "wiederbelebt" durch den hollandischen Jugendspieler P.
Vandevoort. Anfang der 90er vor allem in portugiesischen Schachkreisen beliebt
(C.P. Santos).} 4. f3 {Ehrgeizig!} (4. Nf3 Qxd5 5. Be2 Nc6 6. c4 Qh5 7. d5 Ne5
8. Qb3 O-O-O 9. Qe3 Bxf3 10. gxf3 e6 $1 {
geschah in Deev-Herbrechtsmeier/BL 1997}) 4... Bf5 5. c4 (5. Bb5+ {
gilt als starker}) 5... e6 6. dxe6 Nc6 $1 {
Die Grundstellung des "verzogerten islandischen Gambit"} 7. Be3 $1 (7. Bd3 $2
Bxd3 8. Qxd3 fxe6 (8... Qxd4 $1) 9. Ne2 $2 (9. Be3 $1) 9... Bc5 10. a3 Bxd4 $1
{bescherte mir einen Kurzsieg gegen Gerigk (BL 1996)}) 7... Bb4+ 8. Nc3 Qe7 9.
Bd3 fxe6 $5 {Eine interessante Neuerung} (9... Bxe6 10. Kf2 O-O-O 11. Nge2 $1
Rhe8 12. Qd2 g5 $5 13. a3 $1 Bxc3 14. Qxc3 g4 15. Nf4 gxf3 16. gxf3 $16 {
war meine Idee}) (9... Bxd3 10. Qxd3 O-O-O 11. O-O-O Ne5 12. dxe5 Rxd3 13. Rxd3
Bxc3 14. Rxc3 {
Campora,Daniel H-Ribeiro,Fernando/It (op) Cordoba ( (02) 1994/1/2-1/2 (47)})
10. Nge2 O-O-O 11. Bb1 $1 Nxd4 $5 {Mutig, aber sonst konsolidiert sich Weiss} (
11... Ne5 12. b3) (11... Bc5 12. Qa4 $1) 12. Nxd4 (12. Bxd4 c5 13. a3 cxd4 14.
axb4 dxc3 {ist gefahrlich}) 12... c5 13. a3 cxd4 14. axb4 dxc3 (14... dxe3 15.
Qb3 $1 $16) 15. Qb3 Bxb1 $1 (15... c2 16. Bxc2 Bxc2 17. Qxc2 Qxb4+ 18. Ke2 $1
a6 19. Ra4 $16) 16. Rxb1 Ne4 $5 {Kann wegen Dh4+ nicht genommen werden} 17. O-O
Nd2 18. Bxd2 cxd2 {Die grosse Karriere des c-Bauern!} 19. Rfd1 {Mein Remisangeb
ot wurde angenommen. Die Stellung ist unklar. Weiss spielt Ta1 und kann
gewisse Drohungen aufbauen; auf ...a6 folgt b5.} 1/2-1/2

[Event "corr WM XVII, 3/4-final, group 2 "]
[Site "?"]
[Date "1997.04.26"]
[Round "?"]
[White "Herbrechtsmeier, Christof"]
[Black "Jenal, Juerg"]
[Result "1-0"]
[WhiteElo "2510"]
[BlackElo "2445"]
[Annotator "Rochade"]
[PlyCount "85"]
[EventDate "1996.??.??"]

1. e4 c5 2. Nf3 d6 3. d4 cxd4 4. Nxd4 Nf6 5. Nc3 g6 6. Be3 Bg7 7. f3 O-O 8. Qd2
Nc6 9. Bc4 Bd7 10. O-O-O Rc8 11. Bb3 Ne5 12. h4 h5 13. Bg5 Rc5 14. g4 hxg4 15.
f4 Nc4 16. Qe2 b5 (16... Qc8 {ist besser}) 17. f5 gxf5 $6 (17... Qa5 {
ist besser}) 18. Bxf6 (18. exf5 Re5) 18... Bxf6 (18... exf6 $5 19. Bxc4 $1 bxc4
$1 (19... fxe4 $6 20. Bb3 $1 f5 21. Nd5 Bh6+ 22. Kb1 Be6 23. Ne3 $1 Qd7 24.
Rhf1 $16) 20. exf5 Bh6+ 21. Kb1 Re5 $5 22. Qxc4) 19. exf5 Rxf5 (19... Ne5 20.
Rhg1 $1) 20. Qxg4+ Rg5 $8 21. hxg5 $1 Bxg4 $8 22. gxf6 exf6 $8 (22... Bxd1 $2
23. Nc6 $1) (22... Ne5 $2 23. Rdg1) 23. Rdg1 f5 $8 {/\ Qg5} 24. Rh5 $1 Re8 $8
25. Bxc4 $1 Re1+ $6 (25... bxc4 26. Rxf5 Qh4 27. Nf3 Qh6+ $8 28. Kd1 Qg6 29.
Rxg4 Qxg4 $8 30. Rg5+ Qxg5 $8 31. Nxg5 $14 {R 8/a} 31... Kg7 (31... Re3 $2 32.
Nge4) (31... d5 32. Nf3 Kg7 (32... f5 $2 33. Nd4 $18 {
1-0 Markovic,Iv-Payen,A/Singapore 1990 (42)}) 33. Kd2 Kg6 (33... Rd8 34. Ke3)
34. Nd4 Kg5 35. b3) 32. Nf3 Kf6 (32... Rb8 33. Kc1) (32... Re3 33. Nd2) (32...
Kg6 33. Nd2 $1 Rc8 34. Ke2 Kf6 35. Ke3 Ke6 36. Kd4 d5 37. Ne2 Rd8 38. b3 cxb3
39. axb3) 33. Nd5+ $1 (33. Kd2 Rb8 34. Nd4 Rb7 35. b3 cxb3 36. axb3 Ke5 {
1/2-1/2 Reschke,H-Lueers,H/GER-chT Br1 corr 1995/Corr 2000 (46)}) 33... Kf5 34.
Kd2 Rb8 (34... Rh8 35. Ke3) 35. Nd4+ Ke4 36. Nf6+ $1 Kf4 (36... Kxd4 37. c3+)
37. Kc3) 26. Rxe1 Bxh5 27. Bd3 $16 Qh4 28. Rg1+ Kf8 29. Nxf5 Qf4+ 30. Kb1 Bg6
31. Rf1 Qe5 32. a4 $1 bxa4 (32... Bxf5 33. Rxf5 Qe1+ 34. Ka2 Qe6+ 35. Ka3) 33.
Nb5 $1 Qc5 34. Ka2 a5 35. Nbxd6 Bxf5 (35... Qd5+ 36. Kb1 Qe5 (36... Qc5 37. Rf4
) 37. Nxf7 Bxf7 38. Nh6 a3 39. bxa3 Qc5 40. Rxf7+ Ke8 41. Rb7 Qxa3 42. Bb5+ Kd8
43. Nf7+ Kc8 44. Ba6) 36. Nxf5 $18 Qd5+ 37. Kb1 Qc6 38. Rf4 a3 39. Rh4 $1 Qf6
40. bxa3 Kg8 41. Ka2 Qe6+ 42. Rc4 Kf8 43. Kb3 {
Der a-Bauer von Schwarz geht auch noch verloren} 1-0

[Event "corr WM XVII, 3/4-final, group 2 "]
[Site "?"]
[Date "1997.08.25"]
[Round "?"]
[White "Eriksson, Anders"]
[Black "Herbrechtsmeier, Christof"]
[Result "1-0"]
[WhiteElo "2505"]
[BlackElo "2510"]
[Annotator "Rochade"]
[PlyCount "77"]
[EventDate "1996.??.??"]

1. d4 Nf6 2. c4 g6 3. Nc3 d5 4. Bf4 Bg7 5. e3 c5 6. dxc5 Qa5 7. Rc1 dxc4 (7...
Ne4 8. cxd5 Nxc3 9. Qd2 Qxa2 10. bxc3 Qa5 11. Bc4 Nd7 12. Nf3 Nxc5 13. Be5 Bxe5
14. Nxe5 O-O 15. O-O Bf5 $1 16. Qd4 Rad8) 8. Bxc4 O-O 9. Nf3 ({Nicht} 9. Nge2
Qxc5 10. Qb3 Nc6 11. Nb5 Qh5 12. Nc7 Rb8 $1 {nebst ...e5}) 9... Qxc5 10. Bb3
Qa5 11. O-O Nc6 {
Interessant ist hier 11...Sa6 oder 11...Sbd7 mit der Idee ...Sc5} 12. Qe2 (12.
h3 Bf5 13. Qe2 Ne4 14. Nd5 e5 {fuhrt zu kompliziertem Spiel}) 12... Bf5 (12...
Nh5 {ist einfacher:} 13. Bg5 Bg4 (13... h6 $5) 14. Bh4 Qb4 15. Qc4 Qxc4 16.
Bxc4 Bxf3 17. gxf3 Bf6 18. Bxf6 Nxf6 19. Nd5 Rfd8 {mit Ausgleich}) 13. Rfd1
Rfd8 (13... e5 14. Bg3 e4 15. Nd4 {mit Vorteil fur Weis}) 14. Ng5 (14. h3 Bd7
$1 {nebst Le8}) 14... e6 $6 {Ein "Computerzug", der aber verdachtig aussieht.
Ich wollte irgendwelche Opfer auf f7  ausschliessen} (14... Rxd1+ 15. Qxd1 $5
Rf8 16. Bxf7+ Rxf7 17. Qb3 Nd8 18. Rd1 e6 19. Nxf7 Kxf7 20. Nb5 Nd5 21. Bg5 Qb6
) 15. e4 Bg4 (15... Nd4 $2 {scheitert taktisch:} 16. Rxd4 Rxd4 17. exf5 Rxf4
18. Nxf7 $1 exf5 19. Qe6 {droht ein "ersticktes" Matt} 19... h6 20. Nd5 Nxd5
21. Ng5+ Kh8 22. Rc8+) 16. f3 Bh5 {
Hier befindet sich der Laufer auf einem Abstellgleis} 17. Be3 {Dieser einfache
Zug (ich berechnete viele andere, kompliziertere Abspiele) sichert Weis
dauerhaften Vorteil} 17... Ne5 18. Nh3 $1 {Droht schlicht Sf2 nebst g4} 18...
h6 19. Nf2 g5 20. h3 Nc6 21. Ba4 $1 {Will auf c6 eine Schwache erzeugen} 21...
Rxd1+ 22. Qxd1 Rc8 23. Qb3 b6 (23... Qb4 24. Qxb4 Nxb4 25. a3 Nc6 26. Bxc6 {
kostet bereits einen Bauern}) 24. Qb5 $1 {
Strebt konsequent auf Abtausch, wonach die "Mehrfigur" entscheidet!} 24... Kh7
$2 {Um den Springer via g8 nach e7 zu bringen. 24...Kf8 ware aber sinnvoller
gewesen} 25. a3 Ng8 26. b4 Qxb5 27. Nxb5 Be5 {
Um den Laufer zur Verteidigung einzusetzen} (27... Nge7 {mit der Idee} 28. Rd1
f5 $1 {war konsistenter}) 28. Nd3 (28. Rd1 Nf6) 28... Bb8 29. g4 Bg6 30. Nd4
Nce7 31. Rxc8 Nxc8 32. Nc6 Bd6 {Die Schwerfiguren sind vom Brett, aber das
Raumubergewicht von Weis ist erdruckend} 33. Nce5 {Strebt nach d7} 33... Bxe5
34. Nxe5 Nd6 35. Nc6 $1 Nc8 (35... Nc4 36. Bc1) 36. Nxa7 $1 {Der Todesstos}
36... Nxa7 37. Bxb6 Nc8 38. Bc5 f5 39. Bd7 (39. Bd7 Nge7 40. Bxe7 $1 Nxe7 41.
b5 fxe4 42. b6) 1-0